Every Game Created By Fingersoft - Statistics

General Stats
  • This quiz has been taken 2 times
  • The average score is 3 of 5
Answer Stats
Release Year Game % Correct
2012 Hill Climb Racing
100%
2016 Hill Climb Racing 2
100%
2021 Boom Karts Multiplayer Racing
50%
2023 LEGO® Hill Climb Adventures
50%
2015 Hill Climb Racing: China Edition
0%
No matching quizzes found
Score Distribution
Percent of People with Each Score
Percentile by Number Answered
Your Score History
You have not taken this quiz